Sabliers sensoriels cascade bicolore (lot de 3) (Record no. 143)
[ view plain ]
| 000 -LEADER | |
|---|---|
| Leader | 00827npm a2200157 4500 |
| 003 - IDENTIFIANT DE NUMÉRO DE CONTRÔLE | |
| champ de contrôle | OSt |
| 005 - DATE ET HEURE DE LA DERNIÈRE TRANSACTION | |
| champ de contrôle | 20250405161221.0 |
| 007 - CHAMP FIXE DE DESCRIPTION PHYSIQUE -- INFORMATIONS GENERALES | |
| Leader | o| |
| 008 - Éléments de longueur fixe - Renseignements généraux | |
| Leader | 250309b |||||||| |||| 00| 0 fre d |
| 040 ## - SOURCE DE CATALOGAGE | |
| Agence transcriptrice | autismepaimpol.fr |
| 245 ## - Titre | |
| Titre | Sabliers sensoriels cascade bicolore (lot de 3) |
| 246 ## - Pour qui ? Pour quoi ? | |
| Pour quoi ? Pour qui ? | Apaiser et focaliser l'attention de la personne |
| 942 ## - Type d'objet | |
| Type d'objet | Matériel sensoriel |
| 500 ## - Description | |
| Description | Chaque tube contient un liquide transparent et deux liquides de couleurs différentes non miscibles. Lorsqu'on retourne un tube, les bulles d'huiles tombent les unes après les autres le long des escaliers. Le flux d'une couleur est opposé à celui de l'autre couleur. C'est très attrayant et fascinant. |
| 520 ## - Abrégé | |
| Abrégé | Domaines d'apprentissage explorés :<br/>- Développement sensoriel<br/>- Communication et langage descriptif<br/>- Développement de la motricité |
| 999 ## - | |
| -- | 143 |
| -- | 143 |
| Statut retiré des collections | Statut perdu | Source de classification / plan de classement | Statut endommagé | Exclu du prêt | Site de rattachement | Site actuel | Date d'acquisition | Total des prêts | Code à barres | Vu en dernier | Prix effectif de | Type de document Koha |
|---|---|---|---|---|---|---|---|---|---|---|---|---|
| Classification décimale de Dewey | Autisme Paimpol - Matériel | Autisme Paimpol - Matériel | 09/03/2025 | 80 | 09/03/2025 | 09/03/2025 | Matériel sensoriel |